| 000 | 00602nam a2200157 4500 | ||
|---|---|---|---|
| 008 | 040707s1992 nyua b 001 0 eng | ||
| 020 |
_a0809133091 : _cPhp388.50 |
||
| 090 |
_aBV823 _bM25b |
||
| 100 | 1 | _aMacy, Gary. | |
| 245 | 1 | 4 |
_aThe Banquet's wisdom : _ba short history of the theologies of the Lord's supper / _cGary Macy. |
| 260 |
_aNew York : _bPaulist Press, _cc1992. |
||
| 300 |
_aiv, 218 p. : _bill. ; _c23 cm. |
||
| 504 | _aIncludes bibliographical references (p. 209-211) and index. | ||
| 650 | 4 |
_aLord's Supper _xHistory. |
|
| 951 |
_p14407 _x00006782 _oBV823/M25b _j070613111403687 _d2000-12-21 _cGC |
||
| 999 |
_c20449 _d20449 |
||